Statistics for Countries with the most Lamanists (2024)

Click here to take the quiz!

General Stats

  • This quiz has been taken 0 times
  • The average score is 0 of 15

Answer Stats

HintAnswer% Correct
<1%Australia
0%
<1%Barbados
0%
<1%Estonia
0%
<1%Fiji
0%
2%Finland
0%
<1%France
0%
<1%Japan
0%
<1%Luxemburg
0%
<1%Maldives
0%
1%San Marino
0%
<1%Saudi Arabia
0%
3%Syria
0%
2%Tonga
0%
4-50%Tuvalu
0%
<1%Ukraine
0%

Score Distribution

Percentile by Number Answered

Percent of People with Each Score

Your Score History

You have not taken this quiz